[Event "SB-2019-0-00563"]
[Site "LSS email"]
[Date "2019.01.31"]
[Round "?"]
[White "Bujdak, Pavel"]
[Black "Gubo, Jozef"]
[Result "1/2-1/2"]
[WhiteElo "1972"]
[BlackElo "1998"]
[PlyCount "79"]
[EventDate "2019.01.05"]
[EventType "tourn (corr)"]
[EventRounds "6"]
[EventCountry "GER"]
[SourceTitle "Corr 2022"]
[Source "ChessBase"]
[SourceDate "2021.10.24"]
[SourceVersion "1"]
[SourceVersionDate "2021.10.24"]
[SourceQuality "1"]

1. e4 e5 2. Nf3 Nc6 3. Bb5 a6 4. Ba4 Nf6 5. 0-0 Be7 6. Re1 b5 7. Bb3 0-0 8. h3 Bb7 9. d3 d6 10. a3 Qd7 11. Nbd2 Nd8 12. c3 c5 13. d4 exd4 14. cxd4 c4 15. Bc2 d5 16. e5 Ne8 17. Nf1 a5 18. Ng5 g6 19. Nh2 Ne6 20. Nxe6 Qxe6 21. Bh6 Ng7 22. Ng4 Qb6 23. Qd2 Bc8 24. Rad1 b4 25. f4 Rd8 26. Rf1 bxa3 27. Bxg7 Kxg7 28. f5 gxf5 29. e6 Qxe6 30. Bxf5 Qxf5 31. Rxf5 Bxf5 32. Qh6+ Kg8 33. bxa3 Bxg4 34. hxg4 Rac8 35. Rc1 Rd6 36. Qf4 h6 37. g5 hxg5 38. Qe5 Re6 39. Qxd5 c3 40. Qxa5 1/2-1/2

[Event "RB-2019-0-00368"]
[Site "LSS email"]
[Date "2019.01.12"]
[Round "?"]
[White "Habes, Jiri"]
[Black "Gubo, Jozef"]
[Result "1/2-1/2"]
[WhiteElo "1947"]
[BlackElo "1987"]
[PlyCount "47"]
[EventDate "2018.12.03"]
[EventType "tourn (corr)"]
[EventRounds "6"]
[EventCountry "GER"]
[SourceTitle "Corr 2022"]
[Source "ChessBase"]
[SourceDate "2021.10.24"]
[SourceVersion "1"]
[SourceVersionDate "2021.10.24"]
[SourceQuality "1"]

1. e4 e5 2. Nf3 Nc6 3. Bb5 a6 4. Ba4 Nf6 5. Bxc6 dxc6 6. d3 Bd6 7. 0-0 Be6 8. Nbd2 Nd7 9. b3 Qe7 10. a4 g5 11. Nc4 f6 12. Nxd6+ Qxd6 13. Nd2 h5 14. Nc4 Bxc4 15. dxc4 Qxd1 16. Rxd1 a5 17. Be3 Nf8 18. Rd3 Rd8 19. Rxd8+ Kxd8 20. Rd1+ Ke7 21. c5 Ne6 22. f3 Rb8 23. Kf2 h4 24. g3 1/2-1/2

[Event "RB-2019-0-00368"]
[Site "LSS email"]
[Date "2019.01.12"]
[Round "?"]
[White "Sundqvist, Christer"]
[Black "Gubo, Jozef"]
[Result "1/2-1/2"]
[WhiteElo "1933"]
[BlackElo "1987"]
[PlyCount "43"]
[EventDate "2018.12.03"]
[EventType "tourn (corr)"]
[EventRounds "6"]
[EventCountry "GER"]
[SourceTitle "Corr 2022"]
[Source "ChessBase"]
[SourceDate "2021.10.24"]
[SourceVersion "1"]
[SourceVersionDate "2021.10.24"]
[SourceQuality "1"]

1. d4 Nf6 2. c4 e6 3. Nc3 Bb4 4. a3 Bxc3+ 5. bxc3 b6 6. f3 d5 7. cxd5 exd5 8. e3 0-0 9. Bd3 c5 10. Ne2 Ba6 11. 0-0 Re8 12. Ng3 Bxd3 13. Qxd3 Nbd7 14. Ra2 h5 15. Nf5 Re6 16. c4 cxd4 17. cxd5 Nc5 18. Qxd4 Qxd5 19. Qxd5 Nxd5 20. e4 Ne7 21. Nxe7+ Rxe7 22. Rd1 1/2-1/2

[Event "CP-2018-P-00005"]
[Site "LSS email"]
[Date "2018.09.27"]
[Round "?"]
[White "Gubo, Jozef"]
[Black "Evans, Stan"]
[Result "1/2-1/2"]
[WhiteElo "1971"]
[BlackElo "2018"]
[PlyCount "70"]
[EventDate "2018.10.01"]
[EventType "tourn (corr)"]
[EventRounds "6"]
[EventCountry "GER"]
[SourceTitle "Corr 2022"]
[Source "ChessBase"]
[SourceDate "2021.10.24"]
[SourceVersion "1"]
[SourceVersionDate "2021.10.24"]
[SourceQuality "1"]

1. d4 d5 2. Nf3 Bf5 3. c4 e6 4. Nc3 Bb4 5. cxd5 exd5 6. Qb3 Nc6 7. Bg5 f6 8. Bd2 Nge7 9. e3 0-0 10. Be2 Kh8 11. Rc1 Qd7 12. a3 Bxc3 13. Bxc3 a5 14. 0-0 Nd8 15. Qd1 Nf7 16. Ne1 Nd6 17. Nd3 Rfe8 18. Nc5 Qc8 19. Nd3 Ng6 20. a4 c6 21. b3 Ne4 22. Bb2 Qd7 23. Nc5 Nxc5 24. Rxc5 Nh4 25. g3 Ng6 26. Qd2 Bh3 27. Re1 Nh4 28. gxh4 Qf5 29. Qc2 Re4 30. Kh1 Qxf2 31. Rg1 Rxe3 32. Bf1 Qxh4 33. Bxh3 Qxh3 34. Rc3 Rae8 35. Qg2 Qxg2+ 1/2-1/2

[Event "WC-2017-S-00010"]
[Site "LSS email"]
[Date "2017.05.17"]
[Round "?"]
[White "Gubo, Jozef"]
[Black "Blair, Matthew"]
[Result "1/2-1/2"]
[WhiteElo "1910"]
[BlackElo "1793"]
[PlyCount "87"]
[EventDate "2017.06.01"]
[EventType "tourn (corr)"]
[EventRounds "12"]
[EventCountry "GER"]
[SourceTitle "Corr 2024"]
[Source "ChessBase"]
[SourceDate "2023.10.19"]
[SourceVersion "1"]
[SourceVersionDate "2023.10.19"]
[SourceQuality "1"]

1. e4 c5 2. Nf3 d6 3. d4 cxd4 4. Nxd4 Nf6 5. Nc3 a6 6. a4 Nc6 7. Nxc6 bxc6 8. a5 e6 9. Bd3 Be7 10. 0-0 0-0 11. Qf3 d5 12. Re1 Nd7 13. Be3 Rb8 14. Qg3 Rxb2 15. Bh6 g6 16. Na4 Rb4 17. c3 Rb3 18. Bxf8 Bxf8 19. h4 Qxa5 20. Bc2 Rb7 21. h5 Qc7 22. e5 Bg7 23. f4 c5 24. Reb1 Rb5 25. c4 Rb4 26. cxd5 exd5 27. Rxb4 cxb4 28. Qf2 Qc4 29. hxg6 hxg6 30. Rb1 Bh6 31. e6 fxe6 32. Bxg6 a5 33. g3 Bg7 34. Qe1 Qa6 35. Rc1 Nf8 36. Be8 Qa7+ 37. Kg2 Ba6 38. Nc5 Bc3 39. Rxc3 bxc3 40. Qxc3 Bc4 41. Qf6 Qg7 42. Qxg7+ Kxg7 43. Nb7 Kf6 44. Nxa5 1/2-1/2

[Event "WC-2017-S-00010"]
[Site "LSS email"]
[Date "2017.05.17"]
[Round "?"]
[White "Gubo, Jozef"]
[Black "Salonen, Jukka"]
[Result "1-0"]
[WhiteElo "1910"]
[BlackElo "1878"]
[PlyCount "135"]
[EventDate "2017.06.01"]
[EventType "tourn (corr)"]
[EventRounds "12"]
[EventCountry "GER"]
[SourceTitle "Corr 2024"]
[Source "ChessBase"]
[SourceDate "2023.10.19"]
[SourceVersion "1"]
[SourceVersionDate "2023.10.19"]
[SourceQuality "1"]

1. e4 e5 2. Nf3 Nc6 3. Bb5 a6 4. Bxc6 dxc6 5. 0-0 f6 6. d4 Bg4 7. c3 Bd6 8. h3 Bh5 9. Be3 Ne7 10. dxe5 Bxe5 11. Nbd2 Bd6 12. Qb3 b6 13. Nc4 Bf7 14. Nxd6+ Qxd6 15. Qa4 0-0 16. Rfd1 Qe6 17. Bf4 Ra7 18. e5 Bh5 19. exf6 Nd5 20. Rxd5 Qxd5 21. Rd1 Qf7 22. fxg7 Qxg7 23. Be5 Qe7 24. Qc4+ Rf7 25. Re1 Bxf3 26. gxf3 Ra8 27. Qxc6 Rg7+ 28. Kh2 Rd8 29. Qf6 Qxf6 30. Bxf6 Rd2 31. Bxg7 Kxg7 32. Re7+ Kf8 33. Rxc7 Rxf2+ 34. Kg3 Rxb2 35. Rxh7 Rxa2 36. c4 Ra1 37. Rb7 Rg1+ 38. Kf4 Rc1 39. Rxb6 Rxc4+ 40. Kg5 Rc3 41. Kg4 Ra3 42. Rb7 Ra1 43. f4 Rg1+ 44. Kf5 Kg8 45. Kf6 Rg3 46. Rb8+ Kh7 47. f5 a5 48. h4 a4 49. Ra8 a3 50. h5 Rc3 51. Ke7 Rc7+ 52. Ke8 Rc1 53. f6 Re1+ 54. Kf8 Ra1 55. Ra7+ Kh6 56. f7 a2 57. Kg8 Rg1+ 58. Kh8 Rf1 59. Ra6+ Kxh5 60. Kg7 Rg1+ 61. Kh7 Rf1 62. Ra5+ Kh4 63. Kg6 Rg1+ 64. Kh6 Rf1 65. Ra4+ Kg3 66. Kg6 a1N 67. Rxa1 Rxa1 68. f8Q 1-0

[Event "WC-2017-S-00010"]
[Site "LSS email"]
[Date "2017.05.17"]
[Round "?"]
[White "Pech, Jaroslav Sr"]
[Black "Gubo, Jozef"]
[Result "0-1"]
[WhiteElo "1824"]
[BlackElo "1910"]
[PlyCount "56"]
[EventDate "2017.06.01"]
[EventType "tourn (corr)"]
[EventRounds "12"]
[EventCountry "GER"]
[SourceTitle "Corr 2024"]
[Source "ChessBase"]
[SourceDate "2023.10.19"]
[SourceVersion "1"]
[SourceVersionDate "2023.10.19"]
[SourceQuality "1"]

1. d4 Nf6 2. c4 e6 3. Nf3 d5 4. Nc3 Bb4 5. Bg5 0-0 6. e3 Nbd7 7. Bd3 dxc4 8. Bxc4 h6 9. Bxf6 Nxf6 10. 0-0 c5 11. Qb3 cxd4 12. Qxb4 dxc3 13. Qxc3 b6 14. Rfd1 Qe7 15. Ne5 Bb7 16. Rd4 Rac8 17. a4 Ne4 18. Qd3 Nc5 19. Qc2 a5 20. b3 Qf6 21. f4 Rfd8 22. Re1 Qe7 23. Red1 Rxd4 24. Rxd4 Rd8 25. h3 Rxd4 26. exd4 Nd7 27. Qf2 Nxe5 28. dxe5 Qc7 0-1

[Event "CP-2016-P-00047"]
[Site "LSS email"]
[Date "2016.09.27"]
[Round "?"]
[White "Ovdienko, Mikhail"]
[Black "Gubo, Jozef"]
[Result "1/2-1/2"]
[WhiteElo "2181"]
[BlackElo "1925"]
[PlyCount "57"]
[EventDate "2016.10.01"]
[EventType "tourn (corr)"]
[EventRounds "6"]
[EventCountry "GER"]
[SourceTitle "Corr 2022"]
[Source "ChessBase"]
[SourceDate "2021.10.24"]
[SourceVersion "1"]
[SourceVersionDate "2021.10.24"]
[SourceQuality "1"]

1. d4 Nf6 2. c4 e6 3. Nf3 Bb4+ 4. Nbd2 0-0 5. a3 Bxd2+ 6. Bxd2 b6 7. e3 Bb7 8. Bd3 d5 9. 0-0 dxc4 10. Bxc4 Nbd7 11. Qe2 c5 12. Rfd1 Ne4 13. Be1 Nd6 14. Ba2 Qe7 15. Rac1 Rac8 16. Bb1 Rfd8 17. h3 g6 18. dxc5 Nxc5 19. b4 Bxf3 20. Qxf3 Na4 21. Qe2 b5 22. Ba2 Nb6 23. Bb3 Ndc4 24. a4 bxa4 25. Bxc4 Rxd1 26. Qxd1 Rxc4 27. Rxc4 Nxc4 28. Qxa4 Nb6 29. Qa5 1/2-1/2

[Event "SB-2016-0-00466"]
[Site "LSS email"]
[Date "2016.09.17"]
[Round "?"]
[White "Ederer, Karel"]
[Black "Gubo, Jozef"]
[Result "1-0"]
[WhiteElo "1984"]
[BlackElo "1939"]
[PlyCount "37"]
[EventDate "2016.09.01"]
[EventType "tourn (corr)"]
[EventRounds "6"]
[EventCountry "GER"]
[SourceTitle "Corr 2022"]
[Source "ChessBase"]
[SourceDate "2021.10.24"]
[SourceVersion "1"]
[SourceVersionDate "2021.10.24"]
[SourceQuality "1"]

1. e4 c5 2. Nf3 d6 3. d4 cxd4 4. Nxd4 Nc6 5. Nc3 e5 6. Ndb5 a6 7. Na3 b5 8. Nd5 Nf6 9. Bg5 Be7 10. Bxf6 Bxf6 11. c3 0-0 12. Nc2 Rb8 13. Be2 Bg5 14. 0-0 Be6 15. Qd3 a5 16. Na3 Na7 17. g3 f5 18. h4 Bh6 19. Ne3 1-0

[Event "BI-2016-F-0000"]
[Site "LSS email"]
[Date "2016.02.14"]
[Round "?"]
[White "Gubo, Jozef"]
[Black "Elski, Marek"]
[Result "0-1"]
[WhiteElo "2093"]
[BlackElo "1818"]
[PlyCount "52"]
[EventDate "2016.02.20"]
[EventType "tourn (corr)"]
[EventRounds "10"]
[EventCountry "GER"]
[SourceTitle "Corr 2022"]
[Source "ChessBase"]
[SourceDate "2021.10.24"]
[SourceVersion "1"]
[SourceVersionDate "2021.10.24"]
[SourceQuality "1"]

1. d4 d5 2. c4 c6 3. e3 Nf6 4. Nf3 Bf5 5. Nc3 e6 6. Nh4 Bg6 7. Nxg6 hxg6 8. Bd2 Nbd7 9. g3 Bb4 10. Qb3 a5 11. Bd3 Qc7 12. cxd5 exd5 13. Rc1 Qb6 14. 0-0 0-0 15. a3 Bxc3 16. Qxb6 Nxb6 17. Bxc3 Na4 18. b4 Nxc3 19. Rxc3 axb4 20. axb4 Ra2 21. b5 cxb5 22. Rb3 Rd2 23. Bxb5 Ra8 24. h3 Raa2 25. Bd3 b5 26. g4 b4 0-1

[Event "BI-2016-F-0000"]
[Site "LSS email"]
[Date "2016.02.14"]
[Round "?"]
[White "Gubo, Jozef"]
[Black "Loktaev, Val"]
[Result "0-1"]
[WhiteElo "2093"]
[BlackElo "1757"]
[PlyCount "44"]
[EventDate "2016.02.20"]
[EventType "tourn (corr)"]
[EventRounds "10"]
[EventCountry "GER"]
[SourceTitle "Corr 2022"]
[Source "ChessBase"]
[SourceDate "2021.10.24"]
[SourceVersion "1"]
[SourceVersionDate "2021.10.24"]
[SourceQuality "1"]

1. e4 c5 2. Nf3 Nc6 3. Nc3 d6 4. d4 cxd4 5. Nxd4 Nf6 6. Bg5 e6 7. Qd2 Be7 8. 0-0-0 0-0 9. f4 h6 10. Bh4 Qa5 11. Nb3 Qh5 12. Bg3 a5 13. Nd4 Qg6 14. Qe3 Nxd4 15. Rxd4 Nh5 16. Rd2 a4 17. a3 Bd7 18. Bd3 e5 19. Nd5 Bd8 20. f5 Qg5 21. Qf2 Bc6 22. Bc4 b5 0-1

[Event "BI-2016-F-0000"]
[Site "LSS email"]
[Date "2016.02.14"]
[Round "?"]
[White "Gubo, Jozef"]
[Black "Pely, Giora"]
[Result "0-1"]
[WhiteElo "2093"]
[BlackElo "2144"]
[PlyCount "34"]
[EventDate "2016.02.20"]
[EventType "tourn (corr)"]
[EventRounds "10"]
[EventCountry "GER"]
[SourceTitle "Corr 2022"]
[Source "ChessBase"]
[SourceDate "2021.10.24"]
[SourceVersion "1"]
[SourceVersionDate "2021.10.24"]
[SourceQuality "1"]

1. c4 c6 2. d4 d5 3. Nf3 Nf6 4. Nc3 e6 5. e3 Nbd7 6. Qc2 Bd6 7. Bd3 dxc4 8. Bxc4 0-0 9. 0-0 b5 10. Be2 Bb7 11. Rd1 Qb8 12. a3 Rc8 13. e4 c5 14. dxc5 Bxc5 15. Bxb5 Bxe4 16. Qe2 Bxf3 17. gxf3 Bd6 0-1

[Event "CP-2015-Q-00001"]
[Site "LSS email"]
[Date "2015.12.02"]
[Round "?"]
[White "Gubo, Jozef"]
[Black "Felicio, Clairton"]
[Result "0-1"]
[WhiteElo "2073"]
[BlackElo "2355"]
[PlyCount "100"]
[EventDate "2015.12.08"]
[EventType "tourn (corr)"]
[EventRounds "6"]
[EventCountry "GER"]
[SourceTitle "Corr 2022"]
[Source "ChessBase"]
[SourceDate "2021.10.24"]
[SourceVersion "1"]
[SourceVersionDate "2021.10.24"]
[SourceQuality "1"]

1. e4 c5 2. Nf3 d6 3. Bb5+ Bd7 4. Bxd7+ Qxd7 5. c4 Nc6 6. Nc3 g6 7. d4 cxd4 8. Nxd4 Nf6 9. 0-0 Bg7 10. Nd5 Nxd5 11. Nxc6 Nc3 12. bxc3 Qxc6 13. Rb1 b6 14. Qd3 Rc8 15. Rb4 a5 16. Rb3 Qxc4 17. Qb1 0-0 18. Rxb6 Bxc3 19. Rb7 Qe6 20. Bh6 Rfe8 21. Rc1 f6 22. g3 Kf7 23. h4 Rc4 24. Rb8 Bb4 25. Rxe8 Kxe8 26. Rxc4 Qxc4 27. a3 Bxa3 28. Qb8+ Kd7 29. Qb7+ Ke6 30. Qa8 Qc5 31. Be3 Qh5 32. Qg8+ Kd7 33. Bb6 a4 34. Qd8+ Kc6 35. Ba7 Qd1+ 36. Kh2 Kb5 37. Qxe7 Bc5 38. Bxc5 Kxc5 39. Qxf6 Qd4 40. e5 Qxe5 41. Qf7 a3 42. Qxh7 Kb4 43. Qb7+ Qb5 44. Qe4+ Kc3 45. Qa8 Qc5 46. Qf3+ Kd2 47. Qf4+ Ke2 48. Qe4+ Kxf2 49. Qg2+ Ke3 50. Qg1+ Ke2 0-1

[Event "CP-2015-Q-00001"]
[Site "LSS email"]
[Date "2015.12.02"]
[Round "?"]
[White "Gubo, Jozef"]
[Black "Hlavica, Bretislav"]
[Result "0-1"]
[WhiteElo "2073"]
[BlackElo "2102"]
[PlyCount "122"]
[EventDate "2015.12.08"]
[EventType "tourn (corr)"]
[EventRounds "6"]
[EventCountry "GER"]
[SourceTitle "Corr 2022"]
[Source "ChessBase"]
[SourceDate "2021.10.24"]
[SourceVersion "1"]
[SourceVersionDate "2021.10.24"]
[SourceQuality "1"]

1. e4 e6 2. d4 d5 3. exd5 exd5 4. Nf3 Bd6 5. c4 Nf6 6. Nc3 0-0 7. c5 Be7 8. h3 b6 9. cxb6 axb6 10. Bd3 Ba6 11. 0-0 Bxd3 12. Qxd3 c6 13. Bf4 Re8 14. Rac1 Nh5 15. Bh2 Bd6 16. Be5 Nf4 17. Bxf4 Bxf4 18. Rce1 Nd7 19. Rxe8+ Qxe8 20. a3 g6 21. g3 Bd6 22. Rc1 Nf6 23. Kg2 Kg7 24. Re1 Qd7 25. Ne5 Qb7 26. Qc2 Re8 27. Qd1 Qc7 28. f4 Ng8 29. b4 Ra8 30. Qb3 Ne7 31. Rc1 Qb7 32. Nd1 Qa6 33. Qf3 Qxa3 34. Qxa3 Rxa3 35. Nxc6 Nxc6 36. Rxc6 Bxb4 37. Kf2 b5 38. Rb6 Rb3 39. Rb7 Bd2 40. Ke2 Bc1 41. Rc7 Bb2 42. Nxb2 Rxb2+ 43. Kf3 Rb3+ 44. Kg4 Rd3 45. Rb7 h5+ 46. Kh4 Rxd4 47. Kg5 Rd3 48. Kh4 Rb3 49. Rd7 Rb1 50. Rxd5 Rb4 51. Rd8 Rc4 52. Rb8 b4 53. Ra8 f6 54. Rd8 Kf7 55. Rd7+ Ke6 56. Rd8 Re4 57. Rd3 Ke7 58. Rd5 Rc4 59. g4 hxg4 60. Kxg4 g5 61. Kf3 Rxf4+ 0-1

[Event "CP-2015-Q-00001"]
[Site "LSS email"]
[Date "2015.12.02"]
[Round "?"]
[White "Mauro, Lucio"]
[Black "Gubo, Jozef"]
[Result "1-0"]
[WhiteElo "2209"]
[BlackElo "2073"]
[PlyCount "73"]
[EventDate "2015.12.08"]
[EventType "tourn (corr)"]
[EventRounds "6"]
[EventCountry "GER"]
[SourceTitle "Corr 2022"]
[Source "ChessBase"]
[SourceDate "2021.10.24"]
[SourceVersion "1"]
[SourceVersionDate "2021.10.24"]
[SourceQuality "1"]

1. e4 e5 2. Nf3 Nc6 3. Bb5 a6 4. Ba4 Nf6 5. 0-0 Be7 6. Re1 b5 7. Bb3 0-0 8. c3 d6 9. h3 h6 10. d4 exd4 11. cxd4 Na5 12. Bc2 Bb7 13. Nbd2 Re8 14. Nf1 c5 15. Ng3 cxd4 16. Nxd4 Rc8 17. a4 b4 18. Bd2 Qb6 19. Ndf5 Bf8 20. Bf4 b3 21. Bd3 Nc4 22. a5 Qb4 23. Bxc4 Qxc4 24. Rc1 Qe6 25. f3 Rxc1 26. Bxc1 g6 27. Nxh6+ Kh7 28. Ng4 Nxg4 29. hxg4 Bc6 30. Be3 Qc4 31. Qd4 Bb5 32. Qxc4 Bxc4 33. Bd4 Rb8 34. Rc1 Rb4 35. Bc3 Rb5 36. Kf2 d5 37. Rh1+ 1-0

[Event "CP-2015-P-00020"]
[Site "LSS email"]
[Date "2015.09.28"]
[Round "?"]
[White "Gubo, Jozef"]
[Black "Malyszek, Tomasz"]
[Result "1-0"]
[WhiteElo "2078"]
[BlackElo "1087"]
[PlyCount "57"]
[EventDate "2015.10.01"]
[EventType "tourn (corr)"]
[EventRounds "6"]
[EventCountry "GER"]
[SourceTitle "Corr 2022"]
[Source "ChessBase"]
[SourceDate "2021.10.24"]
[SourceVersion "1"]
[SourceVersionDate "2021.10.24"]
[SourceQuality "1"]

1. e4 e5 2. Nf3 d6 3. d4 exd4 4. Nxd4 Be7 5. Nc3 Nf6 6. Bf4 a6 7. Nf5 Bxf5 8. exf5 Qd7 9. g4 h6 10. h4 Nc6 11. Qf3 0-0-0 12. 0-0-0 Kb8 13. Bg2 Qc8 14. Kb1 Rhe8 15. g5 hxg5 16. hxg5 Nd7 17. Be3 f6 18. g6 Nde5 19. Qe2 Qxf5 20. f4 Ng4 21. Bh3 Qxg6 22. Bxg4 Rg8 23. Bf3 Qe8 24. Nd5 Qd7 25. Rd3 g6 26. Rb3 Ka8 27. Nxe7 Qxe7 28. Qxa6+ bxa6 29. Bxc6# 1-0

[Event "CP-2015-P-00020"]
[Site "LSS email"]
[Date "2015.09.28"]
[Round "?"]
[White "Gubo, Jozef"]
[Black "Sherwood, Russell"]
[Result "0-1"]
[WhiteElo "2078"]
[BlackElo "2208"]
[PlyCount "52"]
[EventDate "2015.10.01"]
[EventType "tourn (corr)"]
[EventRounds "6"]
[EventCountry "GER"]
[SourceTitle "Corr 2022"]
[Source "ChessBase"]
[SourceDate "2021.10.24"]
[SourceVersion "1"]
[SourceVersionDate "2021.10.24"]
[SourceQuality "1"]

1. e4 c5 2. Nf3 d6 3. d4 cxd4 4. Qxd4 Nc6 5. Qd3 g6 6. Nc3 Nf6 7. Be2 Bg7 8. 0-0 0-0 9. Rd1 Bg4 10. Nd5 Nd7 11. c3 Nde5 12. Nxe5 Nxe5 13. Qc2 Bxe2 14. Qxe2 e6 15. Ne3 Qb6 16. h3 Rac8 17. Ng4 Nc4 18. b3 h5 19. Nh2 Bxc3 20. bxc4 Bxa1 21. Be3 Qb2 22. Qf1 Qxa2 23. Rxa1 Qxc4 24. Qb1 Rc7 25. Rxa7 Rb8 26. g4 hxg4 0-1

[Event "CP-2015-P-00020"]
[Site "LSS email"]
[Date "2015.09.28"]
[Round "?"]
[White "Teipel, Thomas"]
[Black "Gubo, Jozef"]
[Result "1-0"]
[WhiteElo "2275"]
[BlackElo "2078"]
[PlyCount "79"]
[EventDate "2015.10.01"]
[EventType "tourn (corr)"]
[EventRounds "6"]
[EventCountry "GER"]
[SourceTitle "Corr 2022"]
[Source "ChessBase"]
[SourceDate "2021.10.24"]
[SourceVersion "1"]
[SourceVersionDate "2021.10.24"]
[SourceQuality "1"]

1. e4 e6 2. c3 d5 3. e5 c5 4. d4 Nc6 5. Nf3 Nge7 6. Bd3 cxd4 7. cxd4 Nf5 8. Bc2 Qb6 9. Nc3 Nfxd4 10. Nxd4 Qxd4 11. Qxd4 Nxd4 12. Bd3 Nc6 13. f4 Bd7 14. Be2 Nb4 15. 0-0 Bc6 16. Bd2 Bc5+ 17. Kh1 d4 18. Nd1 Rd8 19. Rc1 d3 20. Bf3 Nc2 21. Nc3 Bb4 22. Bxc6+ bxc6 23. Rf3 0-0 24. Rd1 Rd4 25. b3 Rfd8 26. Na4 Ba3 27. g3 f6 28. exf6 g6 29. g4 Re4 30. g5 Rd6 31. Bc3 Re3 32. Rxe3 Nxe3 33. Re1 Nf5 34. Bd2 c5 35. Kg2 h6 36. Kf3 Nd4+ 37. Kg4 h5+ 38. Kg3 Nf5+ 39. Kf2 Kf7 40. Rd1 1-0

[Event "BI-2015-P-0000"]
[Site "LSS email"]
[Date "2015.04.16"]
[Round "?"]
[White "Gubo, Jozef"]
[Black "Astroukh, Vitalij"]
[Result "0-1"]
[WhiteElo "2072"]
[BlackElo "2307"]
[PlyCount "112"]
[EventDate "2015.04.22"]
[EventType "tourn (corr)"]
[EventRounds "10"]
[EventCountry "GER"]
[SourceTitle "Corr 2022"]
[Source "ChessBase"]
[SourceDate "2021.10.24"]
[SourceVersion "1"]
[SourceVersionDate "2021.10.24"]
[SourceQuality "1"]

1. e4 c6 2. d4 d5 3. Nd2 Nf6 4. e5 Nfd7 5. Bd3 e6 6. c3 c5 7. Ne2 Nc6 8. 0-0 Qb6 9. Nf3 Be7 10. b3 a5 11. a3 Qa7 12. Bf4 a4 13. b4 c4 14. Bc2 b5 15. Ng3 h6 16. h3 Bb7 17. Qd2 0-0-0 18. Nh5 Rdg8 19. Be3 Qb6 20. Rfe1 Qd8 21. Qc1 Kb8 22. Bf4 Ka8 23. Re2 g6 24. Nf6 Nxf6 25. exf6 Bxf6 26. Ne5 Bxe5 27. Bxe5 Nxe5 28. Rxe5 g5 29. Qe3 h5 30. Qg3 Bc8 31. Rae1 Kb7 32. Bd1 Rg7 33. R5e3 h4 34. Qe5 Rhg8 35. Qh2 Qc7 36. Rf3 f5 37. Rfe3 g4 38. hxg4 Qxh2+ 39. Kxh2 fxg4 40. g3 Rh8 41. gxh4 Rxh4+ 42. Kg3 Rh3+ 43. Kg2 e5 44. dxe5 Be6 45. Bc2 Kc6 46. Rg3 Rg8 47. Ree3 d4 48. cxd4 Kd5 49. Kf1 Rxg3 50. Rxg3 Kxd4 51. Ke2 Rh8 52. Bg6 Rh3 53. Be8 Bf5 54. Bc6 Rxg3 55. fxg3 Kc3 56. Bxb5 Kb3 0-1

[Event "BI-2015-P-0000"]
[Site "LSS email"]
[Date "2015.04.16"]
[Round "?"]
[White "Gubo, Jozef"]
[Black "Grammatica, Andrea"]
[Result "1/2-1/2"]
[WhiteElo "2072"]
[BlackElo "2240"]
[PlyCount "94"]
[EventDate "2015.04.22"]
[EventType "tourn (corr)"]
[EventRounds "10"]
[EventCountry "GER"]
[SourceTitle "Corr 2022"]
[Source "ChessBase"]
[SourceDate "2021.10.24"]
[SourceVersion "1"]
[SourceVersionDate "2021.10.24"]
[SourceQuality "1"]

1. e4 g6 2. d4 Bg7 3. Be2 d6 4. Nc3 a6 5. Nf3 b5 6. 0-0 Bb7 7. Re1 Nd7 8. a4 b4 9. Na2 c5 10. dxc5 dxc5 11. c3 Ngf6 12. e5 Ne4 13. Bf4 bxc3 14. Nxc3 Nxc3 15. bxc3 e6 16. Qd6 Qb8 17. Qd2 Qc7 18. Red1 c4 19. Bh6 Bxh6 20. Qxh6 Nxe5 21. Nxe5 Qxe5 22. Re1 Qc7 23. Qg7 0-0-0 24. Qf6 Rhg8 25. Rab1 g5 26. Bf3 Bxf3 27. Qxf3 Rd5 28. Qe4 Rgd8 29. Qxh7 Rf5 30. Red1 Qa7 31. Rf1 Qc5 32. Qh3 Qe5 33. Rb4 Qf4 34. Qh5 a5 35. Rb2 g4 36. Qh4 Qg5 37. Qxg5 Rxg5 38. f3 Rd3 39. fxg4 Rxg4 40. Rxf7 Rxc3 41. Re2 Rd3 42. Rxe6 c3 43. Re8+ Rd8 44. Rxd8+ Kxd8 45. Rf1 Rxa4 46. Rc1 Rc4 47. Kf2 Kd7 1/2-1/2

[Event "BI-2015-F-0000"]
[Site "LSS email"]
[Date "2015.02.12"]
[Round "?"]
[White "Gubo, Jozef"]
[Black "Aberbach Peltzman, Angel Sergio"]
[Result "1/2-1/2"]
[WhiteElo "2072"]
[BlackElo "2210"]
[PlyCount "46"]
[EventDate "2015.02.11"]
[EventType "tourn (corr)"]
[EventRounds "10"]
[EventCountry "GER"]
[SourceTitle "Corr 2022"]
[Source "ChessBase"]
[SourceDate "2021.10.24"]
[SourceVersion "1"]
[SourceVersionDate "2021.10.24"]
[SourceQuality "1"]

1. d4 e6 2. Nc3 d5 3. e4 Bb4 4. exd5 exd5 5. Bd3 Nc6 6. a3 Ba5 7. Nf3 Bg4 8. Be3 Nf6 9. h3 Bh5 10. 0-0 Bxc3 11. bxc3 0-0 12. c4 dxc4 13. Bxc4 Nd5 14. Rc1 Re8 15. Bg5 Qd7 16. Bxd5 Qxd5 17. g4 f6 18. c4 Qd7 19. d5 Bxg4 20. hxg4 Qxg4+ 21. Kh2 fxg5 22. dxc6 Rad8 23. Qb3 Qh5+ 1/2-1/2

[Event "BI-2015-F-0000"]
[Site "LSS email"]
[Date "2015.02.12"]
[Round "?"]
[White "Gubo, Jozef"]
[Black "Blair, Matthew"]
[Result "1-0"]
[WhiteElo "2072"]
[BlackElo "1945"]
[PlyCount "83"]
[EventDate "2015.02.11"]
[EventType "tourn (corr)"]
[EventRounds "10"]
[EventCountry "GER"]
[SourceTitle "Corr 2022"]
[Source "ChessBase"]
[SourceDate "2021.10.24"]
[SourceVersion "1"]
[SourceVersionDate "2021.10.24"]
[SourceQuality "1"]

1. d4 Nf6 2. c4 g6 3. Nc3 Bg7 4. e4 d6 5. Be2 0-0 6. Be3 e5 7. dxe5 dxe5 8. Nf3 Nc6 9. h3 Be6 10. 0-0 Re8 11. Re1 h6 12. Qc1 Kh7 13. Rd1 Qc8 14. Qc2 Nb4 15. Qb3 Nc6 16. Rac1 b6 17. Qc2 Qb7 18. a3 a5 19. b3 Nd7 20. Rb1 Rad8 21. b4 f5 22. exf5 Bxf5 23. Bd3 Bxd3 24. Rxd3 e4 25. Nxe4 Nce5 26. Nxe5 Qxe4 27. Nxd7 Rxd7 28. Rbd1 Rxd3 29. Rxd3 Rd8 30. Rd2 Qxc2 31. Rxc2 Rd1+ 32. Kh2 a4 33. c5 b5 34. c6 g5 35. Rc5 Rd3 36. Rxb5 Kg6 37. h4 gxh4 38. Bf4 Rc3 39. Rc5 Rxc5 40. bxc5 Kf6 41. Bxc7 Ke7 42. f4 1-0

[Event "BI-2015-F-0000"]
[Site "LSS email"]
[Date "2015.02.12"]
[Round "?"]
[White "Gubo, Jozef"]
[Black "Hillebrand, Carsten"]
[Result "1/2-1/2"]
[WhiteElo "2072"]
[BlackElo "1917"]
[PlyCount "42"]
[EventDate "2015.02.11"]
[EventType "tourn (corr)"]
[EventRounds "10"]
[EventCountry "GER"]
[SourceTitle "Corr 2022"]
[Source "ChessBase"]
[SourceDate "2021.10.24"]
[SourceVersion "1"]
[SourceVersionDate "2021.10.24"]
[SourceQuality "1"]

1. d4 Nf6 2. c4 g6 3. Nc3 Bg7 4. e4 d6 5. Be3 0-0 6. h3 c5 7. d5 e6 8. Nf3 exd5 9. exd5 b5 10. cxb5 Nbd7 11. Qb3 Re8 12. Be2 Bb7 13. a4 Rxe3 14. fxe3 Qe7 15. Nd2 c4 16. Qxc4 Rc8 17. Qh4 Qxe3 18. Rd1 Rxc3 19. bxc3 Nxd5 20. Nc4 Qxc3+ 21. Rd2 Bf6 1/2-1/2